|
|
|
|
| LEADER |
01184nam a2200301 a 4500 |
| 001 |
12707083 |
| 008 |
120119s2002 enk b 001 0 eng |
| 010 |
|
|
|a 2002023459
|
| 020 |
|
|
|a 1842770640 (cased)
|
| 020 |
|
|
|a 1842770659 (limp)
|
| 040 |
|
|
|a DLC
|c DLC
|d DLC
|d BD-DhAAL
|
| 042 |
|
|
|a pcc
|
| 043 |
|
|
|a d------
|
| 050 |
0 |
0 |
|a HQ1090.7.D44
|b M37 2002
|
| 082 |
0 |
0 |
|a 305.32/09172/4
|2 21
|
| 245 |
0 |
0 |
|a Masculinities matter! :
|b men, gender, and development /
|c edited by Frances Cleaver ; foreword by Michael Kimmel.
|
| 260 |
|
|
|a London ;
|a New York :
|b Zed Books,
|c 2002.
|
| 300 |
|
|
|a xiv, 242 p. ;
|c 23 cm.
|
| 504 |
|
|
|a Includes bibliographical references and index.
|
| 541 |
|
|
|e 00024318
|
| 650 |
|
0 |
|a Men
|z Developing countries
|x Social conditions.
|
| 650 |
|
0 |
|a Masculinity
|z Developing countries.
|
| 650 |
|
0 |
|a Sex role
|z Developing countries.
|
| 650 |
|
0 |
|a Community development
|z Developing countries.
|
| 700 |
1 |
|
|a Cleaver, Frances.
|
| 852 |
1 |
|
|a James P Grant School of Public Health
|c General Shelf.
|
| 999 |
|
|
|c 11785
|d 11785
|
| 952 |
|
|
|0 0
|1 0
|2 ddc
|4 0
|6 305_320917240000000_MAS
|7 0
|9 19211
|a JPGSPH
|b JPGSPH
|c GEN
|d 2012-01-18
|l 0
|o 305.32091724 MAS
|p 3060024318
|r 2012-01-19
|t 1
|w 2012-01-19
|y BK
|